Welcome to CU Library Online Public Access Catalogue (OPAC)

The spirit of pregnancy : (Record no. 121)

MARC details
000 -LEADER
fixed length control field 00876cam a22002294a 4500
001 - CONTROL NUMBER
control field 1214676
005 - DATE AND TIME OF LATEST TRANSACTION
control field 20241023093107.0
008 - FIXED-LENGTH DATA ELEMENTS--GENERAL INFORMATION
fixed length control field 990701s2000 ilu 000 0 eng
020 ## - INTERNATIONAL STANDARD BOOK NUMBER
International Standard Book Number 0809226154
050 00 - LIBRARY OF CONGRESS CALL NUMBER
Classification number RG525
Item number .G51378 2000
082 00 - DEWEY DECIMAL CLASSIFICATION NUMBER
Classification number 618.2/4
Edition information 21
100 1# - MAIN ENTRY--PERSONAL NAME
Personal name Goldberg, Bonni.
245 14 - TITLE STATEMENT
Title The spirit of pregnancy :
Remainder of title an interactive anthology for your journey to motherhood /
Statement of responsibility, etc. Bonni Goldberg.
260 ## - PUBLICATION, DISTRIBUTION, ETC.
Place of publication, distribution, etc. Lincolnwood, IL :
Name of publisher, distributor, etc. Contemporary books,
Date of publication, distribution, etc. c2000.
300 ## - PHYSICAL DESCRIPTION
Extent xvi, 256 p. ;
Dimensions 22 cm.
650 #0 - SUBJECT ADDED ENTRY--TOPICAL TERM
Topical term or geographic name entry element Pregnancy
Form subdivision Popular works.
650 #0 - SUBJECT ADDED ENTRY--TOPICAL TERM
Topical term or geographic name entry element Pregnant women
General subdivision Psychological aspects.
650 #0 - SUBJECT ADDED ENTRY--TOPICAL TERM
Topical term or geographic name entry element Motherhood
Form subdivision Popular works.
856 42 - ELECTRONIC LOCATION AND ACCESS
Materials specified Publisher description
Uniform Resource Identifier <a href="http://www.loc.gov/catdir/description/mh023/99038815.html">http://www.loc.gov/catdir/description/mh023/99038815.html</a>
856 42 - ELECTRONIC LOCATION AND ACCESS
Materials specified Contributor biographical information
Uniform Resource Identifier <a href="http://www.loc.gov/catdir/enhancements/fy1012/99038815-b.html">http://www.loc.gov/catdir/enhancements/fy1012/99038815-b.html</a>
942 ## - ADDED ENTRY ELEMENTS (KOHA)
Source of classification or shelving scheme Library of Congress Classification
Koha item type Books
Suppress in OPAC No
999 ## -
-- 121
-- 121
Holdings
Withdrawn status Lost status Source of classification or shelving scheme Damaged status Not for loan Collection Home library Current library Date acquired Total checkouts Barcode Date last seen Copy number Price effective from Koha item type Full call number
    Library of Congress Classification     Non-fiction Undergraduate Library (Christ Temple) Undergraduate Library (Christ Temple) 10/23/2024   RG525.G5 GOL 10/23/2024 1 10/23/2024 Books  
    Library of Congress Classification     Non-fiction Undergraduate Library (Christ Temple) Undergraduate Library (Christ Temple) 10/23/2024   ulct00000042 10/23/2024 1 10/23/2024 Books RG525.G5 GOL
© 2023-2024 Copyright: Central University Libraries. All Rights Reserved | Created by: Mahone Tech Office